Carreño, Coello, Pantoja y Valdés Leal / (Record no. 121385)

MARC details
000 -LEADER
campo de control de longitud fija 00900nam a2200277 4500
001 - NÚMERO DE CONTROL
campo de control 121385
003 - IDENTIFICADOR DE NÚMERO DE CONTROL
campo de control ES-MaACL
005 - FECHA Y HORA DE LA ÚLTIMA TRANSACCIÓN
campo de control 20251003192900.0
007 - CAMPO FIJO DE DESCRIPCIÓN FÍSICA--INFORMACIÓN GENERAL
campo de control de longitud fija t|
008 - DATOS DE LONGITUD FIJA--INFORMACIÓN GENERAL
campo de control de longitud fija 070214s1955 sp r ||||1| spa d
080 ## - NÚMERO DE LA CLASIFICACIÓN DECIMAL UNIVERSAL
Número de la Clasificación Decimal Universal 75(460)"16":929
100 1# - ENTRADA PRINCIPAL--NOMBRE DE PERSONA
Nombre de persona Pla Cargol, Joaquín.
9 (RLIN) 92486
245 10 - MENCIÓN DEL TÍTULO
Título Carreño, Coello, Pantoja y Valdés Leal /
Mención de responsabilidad, etc. por Joaquín Pla Cargol.
250 ## - MENCION DE EDICION
Mención de edición 1ª ed.
260 ## - PUBLICACIÓN, DISTRIBUCIÓN, ETC.
Lugar de publicación, distribución, etc. Gerona :
Nombre del editor, distribuidor, etc. Dalmáu Carles,
Fecha de publicación, distribución, etc. 1955.
300 ## - DESCRIPCIÓN FÍSICA
Extensión 128 p. :
Otras características físicas il. ;
Dimensiones 18 cm.
490 1# - MENCIÓN DE SERIE
Mención de serie Biblioteca de arte
600 14 - PUNTO DE ACCESO ADICIONAL DE MATERIA--NOMBRE DE PERSONA
Nombre de persona Carreño de Miranda, Juan,
Fechas asociadas al nombre 1614-1685
9 (RLIN) 173643
600 14 - PUNTO DE ACCESO ADICIONAL DE MATERIA--NOMBRE DE PERSONA
Nombre de persona Coello, Claudio,
Fechas asociadas al nombre 1642-1693
9 (RLIN) 39457
600 14 - PUNTO DE ACCESO ADICIONAL DE MATERIA--NOMBRE DE PERSONA
Nombre de persona Pantoja de la Cruz, Juan,
Fechas asociadas al nombre 1553-1608
9 (RLIN) 173644
600 14 - PUNTO DE ACCESO ADICIONAL DE MATERIA--NOMBRE DE PERSONA
Nombre de persona Valdés Leal, Juan de.
9 (RLIN) 149666
650 #4 - PUNTO DE ACCESO ADICIONAL DE MATERIA--TÉRMINO DE MATERIA
Término de materia o nombre geográfico como elemento de entrada Pintores-
Subdivisión geográfica España-
Subdivisión cronológica S.XVII.
9 (RLIN) 173642
830 1# - PUNTO DE ACCESO ADICIONAL DE SERIE-TÍTULO UNIFORME
Título uniforme Biblioteca de arte
9 (RLIN) 179381
852 ## - LOCALIZACIÓN
Ubicación ES-MaACL
Número de control de estantería C-9841
Holdings
Estatus retirado Estado de pérdida Estado de daño No para préstamo Biblioteca de origen Biblioteca actual Ubicación en estantería Fecha de adquisición Fuente de adquisición Total de préstamos Signatura topográfica completa Código de barras Visto por última vez Precio de reemplazo Tipo de ítem Koha
        Biblioteca del Ateneo de Madrid Biblioteca del Ateneo de Madrid Sala Palomar 17/01/2008     C-9841 1126504 23/02/2023 23/02/2023 Libro impreso